000 00548nam a2200205 i 4500
001 18955
003 ES-MaACL
007 t|
008 020415s2002 sp ||||1| spa d
020 _a84-321-3398-1
080 _a821.134.2-14"19"
100 1 _aAntúnez Arce, Rafael.
_922002
245 1 0 _aNada que decir /
_cRafael Antúnez Arce.
260 _aMadrid :
_bRialp,
_c[2002]
300 _a56 p. ;
_c18 cm.
490 1 _aAdonais ;
_v564
830 0 0 _aAdonáis
_v564
_9173743
852 _aES-MaACL
_jJ-23-564
_bR.131599
999 _c18955
_d18955